We breathe and drink poison / (Record no. 5406)
[ view plain ]
| 000 -LEADER | |
|---|---|
| fixed length control field | 00718nam a2200157 4500 |
| 001 - CONTROL NUMBER | |
| control field | 6416 |
| 090 00 - LOCALLY ASSIGNED LC-TYPE CALL NUMBER (OCLC); LOCAL CALL NUMBER (RLIN) | |
| Classification number (OCLC) (R) ; Classification number, CALL (RLIN) (NR) | |
| 100 00 - MAIN ENTRY--PERSONAL NAME | |
| Personal name | Manivasakam,N. |
| 245 00 - TITLE STATEMENT | |
| Title | We breathe and drink poison / |
| Remainder of title | |
| Statement of responsibility, etc. | N. Manivasakam. |
| Medium | |
| 260 00 - PUBLICATION, DISTRIBUTION, ETC. | |
| Place of publication, distribution, etc. | [New Delhi], India : |
| Name of publisher, distributor, etc. | National Book Trust, |
| Date of publication, distribution, etc. | 1995. |
| 300 00 - PHYSICAL DESCRIPTION | |
| Extent | 105 p, : illustrations ; 22 cm. |
| 504 ## - BIBLIOGRAPHY, ETC. NOTE | |
| Bibliography, etc. note | Includes bibliographical references (p. [99]-105). |
| 505 ## - FORMATTED CONTENTS NOTE | |
| Formatted contents note | Contents: Preface -- Acknowledgements -- Authors's note -- Our environment -- Polluted air -- Acid rain -- Pesticides -- Water pollution -- Oil slick -- Solid wastes -- Radiation -- Noise pollution -- Forests -- Save the earth - - References. |
| Miscellaneous information | |
| Statement of responsibility | |
| Title | |
| 650 00 - SUBJECT ADDED ENTRY--TOPICAL TERM | |
| Topical term or geographic name entry element | Pollution -- India. |
| General subdivision | |
| Withdrawn status | Lost status | Source of classification or shelving scheme | Damaged status | Not for loan | Collection code | Home library | Current library | Shelving location | Date acquired | Serial Enumeration / chronology | Inventory number | Total Checkouts | Full call number | Barcode | Date last seen | Date last checked out | Price effective from | Koha item type |
|---|---|---|---|---|---|---|---|---|---|---|---|---|---|---|---|---|---|---|
| Dewey Decimal Classification | Main TEST | RTC Library | RTC Library | Main opac | 27/11/2018 | 10134 | 1 | 363.73 MAN | 30010301 | 08/09/2025 | 20/08/2025 | 27/11/2018 | Main |